Entry Personal Name
Number of records used in: 1
001 - CONTROL NUMBER
003 - CONTROL NUMBER IDENTIFIER
005 - DATE AND TIME OF LATEST TRANSACTION
- control field:
20231004151817.0
008 - FIXED-LENGTH DATA ELEMENTS
- fixed length control field:
041216n| acannaabn |n aaa
010 ## - LIBRARY OF CONGRESS CONTROL NUMBER
- LC control number:
n 2004042898
040 ## - CATALOGING SOURCE
- Original cataloging agency:
DLC
- Language of cataloging:
eng
- Transcribing agency:
DLC
100 1# - HEADING--PERSONAL NAME
- Personal name:
Johansson, Sverker,
- Dates associated with a name:
1961-
670 ## - SOURCE DATA FOUND
- Source citation:
Johansson, Sverker. Origins of language, 2005:
- Information found:
t.p. (Sverker Johansson; Univ. of Jönköping, Sweden)
670 ## - SOURCE DATA FOUND
- Source citation:
Sverker Johansson WWW home page, Dec. 16, 2004
- Information found:
(Sverker Johansson; b. 05-26-1961, Lund, Sweden; M.Sci. in physics and linguistics)